Suite of Conway (first 20 terms) - Statistiques

Statistiques générales
  • Ce quiz a été pris 174 fois
  • Le résultat moyen est 10 sur 20
Statistiques - réponses
X Réponse % Correct
1 1
100%
3 21
100%
2 11
98%
4 12 11
88%
5 11 12 21
85%
6 31 22 11
83%
7 13 11 22 21
70%
8 11 13 21 32 11
63%
9 31 13 12 11 13 12 21
63%
11 11 13 12 21 13 31 12 13 21 13 21 22 21
60%
10 13 21 13 11 12 31 13 11 22 11
60%
12 31 13 11 22 21 23 21 12 11 13 12 21 13 12 11 32 11
55%
13 13 21 13 21 32 11 12 13 12 21 12 31 13 11 22 21 13 11 12 21 13 12 21
45%
14 11 13 12 21 13 12 11 13 12 31 12 11 13 11 22 21 12 13 21 13 21 32 21 13 31 22 21 13 11 22 11
28%
15 31 13 11 22 21 13 11 12 31 13 11 12 13 21 12 31 13 21 32 21 12 11 13 12 21 13 12 11 13 22 21 23 11 32 21 13 21 22 21
15%
16 13 21 13 21 32 21 13 31 12 13 21 13 31 12 11 13 12 21 12 13 21 13 12 11 13 22 21 12 31 13 11 22 21 13 11 12 31 13 32 11 12 13 21 13 22 21 13 12 11 32 11
8%
17 11 13 12 21 13 12 11 13 22 21 23 21 12 11 13 12 21 23 21 12 31 13 11 22 21 12 11 13 12 21 13 11 12 31 13 32 21 12 13 21 13 21 32 21 13 31 12 13 21 23 12 31 12 11 13 12 21 13 32 21 13 11 12 21 13 12 21
3%
20 11 13 12 21 13 12 11 13 22 21 23 21 12 11 13 12 11 12 13 11 12 13 21 12 31 13 21 32 21 12 11 13 12 21 13 12 11 22 13 21 12 31 13 21 32 21 12 31 13 11 22 21 13 11 12 31 13 32 21 12 11 13 12 21 13 12 11 13 22 11 12 13 12 21 12 31 13 11 12 31 12 11 23 22 21 12 13 21 13 21 32 21 13 31 12 13 21 23 12 31 12 11 13 11 22 21 12 13 21 13 31 12 13 21 12 31 23 21 12 31 13 11 22 21 12 11 13 12 21 13 12 11 13 12 31 12 11 23 22 11 12 13 21 13 22 21 13 12 11 32 11
0%
19 13 21 13 21 32 21 13 31 12 13 21 23 12 31 12 11 13 11 22 21 12 13 21 13 21 22 31 12 11 13 11 22 21 12 11 13 12 21 13 12 11 13 22 21 12 13 21 13 21 32 21 23 21 12 11 13 12 11 12 13 32 21 12 31 13 11 22 21 13 11 12 31 13 32 11 12 13 12 21 12 31 13 11 12 31 12 11 13 31 12 11 13 12 21 12 13 21 13 21 32 11 12 13 32 21 23 11 32 21 13 21 22 21
0%
18 31 13 11 22 21 13 11 12 31 13 32 11 12 13 12 21 12 31 13 11 22 11 12 13 12 21 12 13 21 13 21 32 21 12 31 13 11 22 21 13 31 12 13 21 23 22 21 12 11 13 12 21 13 12 11 13 22 21 23 21 12 11 13 12 11 12 13 11 12 13 21 12 31 13 11 22 21 23 22 21 13 31 22 21 13 11 22 11
0%
Aucun quiz correspondant
Distribution des résultats
% des personnes avec chaque résultat
Percentile par nombre de réponses
Votre historique - résultats
Vous n’avez pas pris ce quiz